Every Indiana Pacers AllStar - Statistics

General Stats
  • This quiz has been taken 6 times
  • The average score is 8 of 14
Answer Stats
Year/Years Number of AllStars Player % Correct
2012,2013,2015,2016 4x Paul George
100%
1989,1994.1995,1997,1999 5x Reggie Miller
100%
1997 1x Rik Smits
83%
2001,2002,2003,2004,2005,2006 6x Jermaine O'Neal
67%
2024 1x Pascal Siakam
67%
2011,2013 2x Roy Hibbert
67%
2022,2023 2x Tyrese Haliburton
67%
2019,2020 2x Domantas Sabonis
50%
2017,2018 2x Victor Oladipo
50%
1999 1x Dale Davis
33%
2008 1x Danny Granger
33%
2003 1x Ron Artest/Metta World Peace
33%
1992 1x Detlef Schrempf
17%
2002 1x Brad Miller
0%
No matching quizzes found
Score Distribution
Percent of People with Each Score
Percentile by Number Answered
Your Score History
You have not taken this quiz